000 01113nam a2200313Ia 4500
003 OSt
005 20221006144030.0
006 a|||||r|||| 00| 0
007 ta
008 221006b |||||||| |||| 00| 0 eng d
020 _c5.00
024 _a10,689
037 _cTextual
040 _aEASL
_cEASL
_beng
041 _2eng
_aeng
082 _aW691xM93, J0
100 _aMAO Tse-tung
245 0 _aMao Tse- Tung on people's democratic dictatorship together with his two speeches delivered at the preparatory committee meeting and the first plenary session of the Chinese people's political consultative conference
260 _aPeking
_bForeign Languages Press
_c1950
300 _a45p.
_ccm.
490 _v CEL
650 _a CEL
650 _a China - THe Chinees Peoples Political Consultative Conference
_9650763
650 _a China - The preparatory Committeee Meeting
_9650764
650 _a The First Plenary Sesion
_9650765
650 _aChina - People Democratic Dictatorship
_9650766
942 _hW691xM93, J0
_cTEXL
_2CC
999 _c1078775
_d1078775